L'uomo che Gesù amava

সংরক্ষণ করুন:
গ্রন্থ-পঞ্জীর বিবরন
প্রধান লেখক: De Martino Gianni
বিন্যাস: গ্রন্থ
ভাষা:অজানা বা ভুল ভাষা
প্রকাশিত: Roma Libreria Croce 2004
ট্যাগগুলো: ট্যাগ যুক্ত করুন
কোনো ট্যাগ নেই, প্রথমজন হিসাবে ট্যাগ করুন!

MARC

LEADER 00000nam a2200000Ia 4500
001 333
003 NUMERAZIONE-ORIGINALE-BRESCIA
005 20260206230752.0
008 260206s9999 xx 000 0 und d
100 |a De Martino Gianni 
245 0 |a L'uomo che Gesù amava 
260 |a Roma 
260 |b Libreria Croce 
260 |c 2004 
500 |a OffSide 
500 |a Testi di Pasquale Quaranta 
942 |2 ddc  |c BK  |n 0 
952 |0 0  |1 0  |2 ddc  |4 0  |6 14  |7 0  |9 28532  |a BS  |b BS  |d 2026-02-06  |i 333  |l 0  |o 1-4-*  |r 2026-02-06 22:40:37  |w 2026-02-06  |x [REVISIONARE]  |y BK 
999 |c 24202  |d 24202